Caricamento...
General college chemistry /
| Autore principale: | |
|---|---|
| Altri autori: | |
| Lingua: | Undetermined |
| Pubblicazione: |
1961.
|
| Edizione: | 2nd ed. |
| LEADER | 00425nam a2200145Ia 4500 | ||
|---|---|---|---|
| 001 | 20562 | ||
| 008 | 170722s9999 xx 000 0 und d | ||
| 100 | |a Wood, Jesse Hermon | ||
| 245 | |a General college chemistry / | ||
| 250 | |a 2nd ed. | ||
| 260 | |c 1961. | ||
| 700 | |a Keenan, Charles William | ||
| 942 | |c GEN | ||
| 999 | |c 55405 |d 55405 | ||
| 952 | |0 0 |1 0 |4 0 |6 E_K12 |7 0 |8 CR |9 78868 |a LIB |b LIB |d 2017-08-12 |h CR |o E K12 |p 77140 |r 2017-08-12 |w 2017-08-12 |y GEN | ||